Zurbarán en Guadalupe

Guardat en:
Dades bibliogràfiques
Autor principal: Gaya Nuño, Juan Antonio (Autor)
Format: Llibre
Idioma:espanyol
Publicat: Barcelona Juventud S. A 1951
Edició:1a. ed
Col·lecció:Obras Maestras del Arte Español, 9
Matèries:
Etiquetes: Afegir etiqueta
Sense etiquetes, Sigues el primer a etiquetar aquest registre!

MARC

LEADER 00000cam a2200000 a 4500
001 UCE0606
003 CL-VaPUC
008 140124e19510100sp |||||||||||||||||spa|d
082 0 4 |a 759.46  |b GAY  |2 21 
100 |a Gaya Nuño, Juan Antonio  |e author  |9 572972 
245 1 0 |a Zurbarán en Guadalupe 
250 |a 1a. ed 
300 |a 27 p 
942 |c BK 
945 |d 20140124 15:34:00  |a dcastane 
260 |a Barcelona  |b Juventud S. A  |c 1951 
600 0 |a Zurbarán, Francisco de,  |d 1598-1664  |9 348034 
650 0 |a Pintura española   |9 315217 
650 0 |a Pintores españoles  |9 315216 
583 |a last modification  |c 20140124 15:34:00  |k Rodrigo Vera 
490 0 |a Obras Maestras del Arte Español, 9 
999 |c 354675  |d 354673 
952 |0 0  |1 0  |3 erd  |4 0  |6 759_460000000000000_GAY_1951  |7 0  |8 R  |9 460665  |a BIBART  |b BIBART  |i 5003725  |o 759.46 GAY 1951  |p 5003725  |r 2025-03-13  |w 2019-11-23  |y BK_R  |z Catalogado en:20140124  |k ART